|
|
|
|
| LEADER |
00000ny a22000003n 4500 |
| 005 |
20110623135244.0 |
| 008 |
080508t2000 sp s 000 0 spa c |
| 020 |
|
|
|a 8471113910
|
| 035 |
|
|
|a 582
|
| 040 |
|
|
|a UMA.DER
|d vlex
|
| 040 |
|
|
|a UMA.RE
|d vlex
|
| 080 |
|
|
|a 351.778.5(460)(0.034)
|
| 090 |
|
|
|c 1200
|d 1200
|
| 100 |
1 |
|
|a Iglesias Gonzl̀ez, Felipe
|
| 245 |
1 |
0 |
|a Administracin̤ pb︢lica y vivienda
|h [Recurso electrn̤ico]
|c Felipe Iglesias Gonzl̀ez
|
| 256 |
|
|
|a Servicio en ln̕ea
|
| 260 |
|
|
|a Madrid:
|b Montecorvo,
|c 2000
|
| 506 |
1 |
|
|a Contenido solo disponible en los productos indicados
|d vLex Global
|d vLex Global (Academic Edition, excluding Law Schools)
|d vLex Global (U.S. Academic Edition, Law Schools)
|d vLex Global (U.S. Academic Edition, excluding Law Schools)
|d vLex Global (Academic Edition, Law Schools)
|
| 650 |
0 |
7 |
|a Administrativo
|2 Tesauro vLex
|
| 650 |
0 |
7 |
|a Vivienda familiar
|2 Tesauro vLex
|
| 650 |
0 |
7 |
|a Civil
|2 Tesauro vLex
|
| 650 |
0 |
7 |
|a Regulacin̤ de la vivienda
|2 Tesauro vLex
|
| 650 |
0 |
7 |
|a Derecho administrativo especial
|2 Tesauro vLex
|
| 740 |
0 |
|
|a vLex Libros (Servicios en ln̕ea)
|
| 856 |
4 |
0 |
|u http://vlex.com/source/582
|z Acceso restringido
|
| 942 |
|
|
|c BOOK
|